000 00474nam a22001937a 4500
003 MPLRDC
005 20220104153338.0
008 210129b ||||| |||| 00| 0 eng d
020 _a983-082-062-9
082 _a857.9 HY-2 v.8 c.3
100 _a黄易
245 _a大唐双龙传. 卷八
_c
250 _a初版
260 _a
_b黄易出版社
_c1996
300 _b
490 _a黄易. 异侠系列
650 _a武侠小说
942 _cBK
_o857.9 HY-2 v.8 c.3
999 _c53395
_d53385